| 000 | 00699nam a2200217 a 4500 | ||
|---|---|---|---|
| 005 | 20240207063606.0 | ||
| 008 | 060802s1997 mx r 000 0 spa d | ||
| 020 | _a9706291369 | ||
| 035 | _aUPN01000145915 | ||
| 049 | _aCG | ||
| 050 | 4 |
_aE184 M5 _bD5.4 |
|
| 100 | 1 |
_aDíaz de Cossío, Roger, _d1931- _928072 |
|
| 245 | 1 | 4 |
_aLos mexicanos en Estados Unidos / _cRoger Díaz de Cossío, Graciela Orozco, Esther González. |
| 260 |
_aMéxico : _bSistemas Técnicos de Edición, _c1997. |
||
| 300 | _a331 p. | ||
| 650 | 4 |
_aMexicanos en los Estados Unidos _94447 |
|
| 650 | 4 |
_aMEXICOAMERICANOS _9484 |
|
| 700 | 1 |
_aOrozco, Graciela, _ecoaut. |
|
| 700 | 1 |
_aGonzález, Esther, _ecoaut. |
|
| 905 | _aLibro | ||
| 999 |
_c118061 _d118061 |
||